Library Banner

The businessman's topical Bible : New international version (Record no. 11847)

MARC details
000 -LEADER
fixed length control field 00366nam a2200157Ia 4500
001 - CONTROL NUMBER
control field 10907
008 - FIXED-LENGTH DATA ELEMENTS--GENERAL INFORMATION
fixed length control field 140331s9999 xx 000 0 und d
020 ## - INTERNATIONAL STANDARD BOOK NUMBER
International Standard Book Number 981-3087-73-0
040 ## - CATALOGING SOURCE
Transcribing agency PK-LaUMT
082 ## - DEWEY DECIMAL CLASSIFICATION NUMBER
Classification number 220
Item number BUS-
245 #4 - TITLE STATEMENT
Title The businessman's topical Bible : New international version
260 ## - PUBLICATION, DISTRIBUTION, ETC. (IMPRINT)
Date of publication, distribution, etc 1997
300 ## - PHYSICAL DESCRIPTION
Extent 320 p.
546 ## - LANGUAGE NOTE
Language note EN
942 ## - ADDED ENTRY ELEMENTS (KOHA)
Koha item type Books
Holdings
Withdrawn status Lost status Source of classification or shelving scheme Damaged status Not for loan Home library Current library Date acquired Total Checkouts Full call number Barcode Date last seen Price effective from Koha item type
    Dewey Decimal Classification     UMT Main Campus UMT Main Campus 2014-03-31   220 BUS- 12382 2014-04-21 2014-04-21 Books
    Dewey Decimal Classification     UMT Main Campus UMT Main Campus 2014-06-04   220 BUS- 14430 2014-06-04 2014-06-04 Books